Keep the peace through air power /

Bibliographic Details
Main Author: Michie, Allan A. (Allan Andrew), 1915-
Format: Book
Language:English
Published: New York : H. Holt and company, [1944]
Subjects:

MARC

Tag First Indicator Second Indicator Subfields
LEADER 00000cam a2200000 4500
001 in00000065077
005 20151008051219.0
008 740710s1944 nyu b 00010 eng
010 |a  44006803  
035 |a (OCoLC)00941265 
035 |9 AAG6495AM 
040 |a DLC  |c OUN  |d OCL  |d TXA  |d UtOrBLW 
049 |a TXAM  |c 1 [128265]  
050 0 |a JX1981.P7  |b M48 
092 |a 341  |b M624k 
100 1 |a Michie, Allan A.  |q (Allan Andrew),  |d 1915- 
245 1 0 |a Keep the peace through air power /  |c [by] Allan A. Michie. 
264 1 |a New York :  |b H. Holt and company,  |c [1944] 
300 |a xi, 196 pages ;  |c 21 cm. 
336 |a text  |b txt  |2 rdacontent 
337 |a unmediated  |b n  |2 rdamedia 
338 |a volume  |b nc  |2 rdacarrier 
500 |a "First printing July, 1944." 
504 |a Bibliography: pages 193-196. 
650 0 |a International police. 
650 0 |a Aeronautics, Military. 
650 0 |a World War, 1939-1945  |x Peace. 
650 0 |a World War, 1939-1945  |z Germany. 
999 |a MARS 
999 f f |s 7b869cf2-9394-36b2-a900-9cf07c13345c  |i 39f6b627-fb40-3560-abc7-6802a0482979  |t 0 
952 f f |p ric  |a Texas A&M University  |b Rellis Campus  |c Joint Library Facility  |d Remote Storage  |t 0  |e JX1981.P7 M48  |h Library of Congress classification  |i unmediated -- volume  |m A14800781328 
998 f f |a JX1981.P7 M48  |t 0  |l Remote Storage